Từ điển Việt - Pháp khoảng 140000 từ = Dictionnaire Vietnamien - Français

Сохранить в:
Библиографические подробности
Главный автор: Lê Phương Thanh
Формат:
Опубликовано: Văn hoá thông tin 2001
Метки: Добавить метку
Нет меток, Требуется 1-ая метка записи!
Thư viện lưu trữ: Mạng thư viện Đại học Đà Nẵng
LEADER 00593nam a2200217 a 4500
001 000030403
003 26832
005 20171030145630.0
008 171030s2001
040 |a LTT 
082 0 |a 495.92  |b LÊ-T 
100 1 |a Lê Phương Thanh 
245 0 0 |a Từ điển Việt - Pháp khoảng 140000 từ = Dictionnaire Vietnamien - Français  |c Lê Phương Thanh. 
260 |b Văn hoá thông tin  |c 2001 
OWN |a LTT 
999 |a From the UDN01 
TYP |a Monograph 
TYP |a Printed language 
980 |a Mạng thư viện Đại học Đà Nẵng